| 000 | 00583nam a2200205Ia 4500 | ||
|---|---|---|---|
| 008 | 170918s9999 xx 000 0 und d | ||
| 020 | _a9780439701679 | ||
| 050 | _bD545ta 2003 | ||
| 100 | _aDiCamillo, Kate | ||
| 245 | 4 | _aThe tale of despereaux : | |
| 245 | _bbeing the story od a mouse, a princess, some soup, and a spool of thread / | ||
| 245 | _cby Kate DiCamillo ; Illustrated by Timothy Basil Ering. | ||
| 260 | _aNew York : | ||
| 260 | _bScholastic, | ||
| 260 | _c2003 | ||
| 300 | _a267 pages : | ||
| 300 | _billustrations ; | ||
| 300 | _c19cm. | ||
| 500 | _a670 | ||
| 999 |
_c344178 _d344178 |
||